| 000 | 00983cam a2200253 4500 | ||
|---|---|---|---|
| 008 | 090401t1990 xxu||||| |||| 00| 0 eng d | ||
| 020 | _a0854063692 | ||
| 035 | _a(Sirsi) u45792 | ||
| 041 | _aeng | ||
| 050 | _a347.4109 | ||
| 090 | _aRICS 1990/10ABCD | ||
| 110 |
_aRoyal Institution of Chartered Surveyors _94900 |
||
| 245 | _aGuidance notes for surveyors acting as arbitrators or as independent experts in rent reviews | ||
| 250 | _a4th ed.corrected | ||
| 260 |
_aLondon _bSurveyors Publications _c1990 |
||
| 300 | _a45p. ; 30cm. | ||
| 350 | _a15 | ||
| 520 | _aSUPERSEDED: Replaced by 5th edition (RICS 1991/32). Reprint with corrections, which appear to be minimal. Other copies of the edition at 1988/8ABCD | ||
| 650 | _aMANAGEMENT-DISPUTE AVOIDANCE, MANAGEMENT AND RESOLUTION-DISPUTE MANAGEMENT AND RESOLUTION-ARBITRATION | ||
| 650 |
_aEXPERT WITNESS _96239 |
||
| 690 | _aMANAGEMENT-BUSINESS MANAGEMENT-PROFESSIONAL PRACTICE | ||
| 942 | _n0 | ||
| 948 | _c04/03/1997 | ||
| 999 |
_c91829 _d91829 |
||